Coupe du Monde de Basket 2019 - Statistiques

Statistiques générales
  • Ce quiz a été pris 330 fois
  • Le résultat moyen est 20 sur 32
Statistiques - réponses
Réponse % Correct
France
100%
Espagne
98%
Etats-Unis
98%
Argentine
94%
Allemagne
90%
Australie
90%
Canada
89%
Chine
89%
Japon
88%
Serbie
87%
Italie
84%
Brésil
83%
Lituanie
79%
Russie
76%
Grèce
72%
Turquie
61%
Nouvelle-Zélande
60%
Pologne
59%
Nigeria
52%
Corée du Sud
45%
République Tchèque
45%
Sénégal
44%
Iran
42%
Tunisie
40%
Monténégro
35%
Philippines
33%
République Dominicaine
33%
Angola
30%
Porto Rico
30%
Venezuela
28%
Côte d'Ivoire
26%
Jordanie
25%
Aucun quiz correspondant
Distribution des résultats
% des personnes avec chaque résultat
Percentile par nombre de réponses
Votre historique - résultats
Vous n’avez pas pris ce quiz